| 000 | 01042nam0a22002531 4500 | ||
|---|---|---|---|
| 001 | rc\4914458 | ||
| 005 | 20130426154534.5 | ||
| 021 |
_aRU _b[59-15622] |
||
| 035 | _a(NLR Aleph) 008937277 | ||
| 090 |
_a8923194 _c8923194 |
||
| 100 | _a20130426d19581959|||y0rusy50 ca | ||
| 101 | 0 | _arus | |
| 102 | _aRU | ||
| 105 | _aa z ||||| | ||
| 200 | 1 |
_aВ труде воспитывать молодежь _e(Из опыта работы ученических производ. бригад) _fО-во по распространению полит. и науч. знаний УССР. Луган. обл. отд-ние |
|
| 210 |
_aЛуганск _cБ. и. _d1958 [вып. дан. 1959] |
||
| 215 |
_a20 с. _cил. _d20 |
||
| 606 |
_aСельское хозяйство _jПрактические работы учащихся _yЛуганская область _2psbo |
||
| 700 | 1 |
_aХайло _bП. С. _gПавел Семенович |
|
| 801 | 0 |
_aRU _bNLR _gpsbo |
|
| 801 | 1 |
_aRU _bELAR _2rusmarc |
|
| 852 |
_aNLR _j59-4/5225 |
||
| 942 | _cBOOK | ||
| 980 | _aNB | ||